| 000 | 00839nam a2200181 i 4500 | ||
|---|---|---|---|
| 001 | 161019 | ||
| 003 | ES-MaACL | ||
| 005 | 20251011063145.0 | ||
| 008 | 041013s1853 sp |||| | spa d | ||
| 080 | _a32(460)"1843/68" | ||
| 100 | 1 |
_aOnís Merklein, Mauricio Carlos de, _d1790-1861 _9130660 |
|
| 245 | 1 | 0 |
_aObservaciones político-económicas sobre la Junta o Consejo de Sres. Ministros con algunas máximas políticas... / _cpor M.C. de Onís. |
| 260 |
_aMadrid : _b[s.n.], _c1853 ( _fImp. de la viuda de D. Antonio Yenes) |
||
| 300 |
_a[3] h., 134 p. ; _c21 cm. |
||
| 651 | 7 |
_aEspaña- _xPolítica y gobierno- _y1843-1868 _2 _9168642 |
|
| 852 | 4 |
_aES-MaACL _jT-94-F-7 _z- Enc. hol. deteriorada, falto de cub. original _z- Enc. en un vol. facticio _z- Ded. ms. del autor a Juan Manuel Barros |
|
| 999 |
_c161019 _d161019 |
||